Obras completas / (Record no. 98230)

MARC details
000 -LEADER
campo de control de longitud fija 01061nam a2200217 i 4500
001 - NÚMERO DE CONTROL
campo de control 98230
003 - IDENTIFICADOR DE NÚMERO DE CONTROL
campo de control ES-MaACL
005 - FECHA Y HORA DE LA ÚLTIMA TRANSACCIÓN
campo de control 20231228063215.0
007 - CAMPO FIJO DE DESCRIPCIÓN FÍSICA--INFORMACIÓN GENERAL
campo de control de longitud fija t|
008 - DATOS DE LONGITUD FIJA--INFORMACIÓN GENERAL
campo de control de longitud fija 050727s1975 cu ||||1| spa d
100 1# - ENTRADA PRINCIPAL--NOMBRE DE PERSONA
Nombre de persona Martí, José,
Fechas asociadas al nombre 1853-1895
9 (RLIN) 77189
245 10 - MENCIÓN DEL TÍTULO
Título Obras completas /
Mención de responsabilidad, etc. José Martí.
250 ## - MENCION DE EDICION
Mención de edición 2ª ed.
260 ## - PUBLICACIÓN, DISTRIBUCIÓN, ETC.
Lugar de publicación, distribución, etc. La Habana :
Nombre del editor, distribuidor, etc. Ciencias Sociales,
Fecha de publicación, distribución, etc. 1975.
300 ## - DESCRIPCIÓN FÍSICA
Extensión 27 v. ;
Dimensiones 24 cm.
505 8# - NOTA DE CONTENIDO CON FORMATO
Nota de contenido con formato Contiene: 1-5. Cuba - 6-8. Nuestra América - 9-13. En los Estados Unidos - 4-15. Europa - 16-17. Poesía - 18. Teatro. Novela. La edad de oro - 19. Viajes. Diarios. Crónicas. Juicios - 20. Epistolario - 21. Cuadernos de apuntes - 22. Fragmentos - 23. Periodismo diverso - 24-25. Traducciones - 26. Índice: onomástico, geográfico, general - 27. Guía: orden de materias; tabla cronológica de la vida de Martí, cómo era Martí
600 17 - PUNTO DE ACCESO ADICIONAL DE MATERIA--NOMBRE DE PERSONA
Nombre de persona Martí, José,
Fechas asociadas al nombre 1853-1895-
Subdivisión general Biografías
Fuente del encabezamiento o término
9 (RLIN) 141727
651 #4 - PUNTO DE ACCESO ADICIONAL DE MATERIA--NOMBRE GEOGRÁFICO
Nombre geográfico Estados Unidos-
Subdivisión general Historia-
Subdivisión cronológica 1865-1898.
9 (RLIN) 155574
852 ## - LOCALIZACIÓN
Ubicación ES-MaACL
Número de control de estantería L-10782-808
Holdings
Estatus retirado Estado de pérdida Estado de daño No para préstamo Biblioteca de origen Biblioteca actual Ubicación en estantería Fecha de adquisición Fuente de adquisición Total de préstamos Signatura topográfica completa Código de barras Visto por última vez Precio de reemplazo Tipo de ítem Koha
        Biblioteca del Ateneo de Madrid Biblioteca del Ateneo de Madrid Depósito 2 17/01/2008     L-10782-808 1102542 23/02/2023 23/02/2023 Libro impreso